Bosch en diálogos imaginarios y otros asuntos (Record no. 7707)
[ view plain ]
| 000 -LEADER | |
|---|---|
| campo de control de longitud fija | 00356nam a2200133Ia 4500 |
| 001 - NÚMERO DE CONTROL | |
| campo de control | 4069 |
| 008 - DATOS DE LONGITUD FIJA--INFORMACIÓN GENERAL | |
| campo de control de longitud fija | 241024s9999 xx 000 0 und d |
| 082 ## - NÚMERO DE LA CLASIFICACIÓN DECIMAL DEWEY | |
| Número de clasificación | RD/864.5/SA232b/2015 |
| 100 ## - ENTRADA PRINCIPAL--NOMBRE DE PERSONA | |
| Nombre de persona | Julio Cesar Santana |
| 245 #0 - MENCIÓN DEL TÍTULO | |
| Título | Bosch en diálogos imaginarios y otros asuntos |
| 260 ## - PUBLICACIÓN, DISTRIBUCIÓN, ETC. | |
| Nombre del editor, distribuidor, etc. | Santo Domingo |
| Fecha de publicación, distribución, etc. | 2015 |
| 901 ## - ELEMENTOS DE DATOS A LOCAL LDA (RLIN) | |
| a | 11/3/2016 10:32:39 a.m. |
No items available.